Náklady na prevod remitencií z Veľkej Británie v kontexte ostatnej finančnej krízy

Analýza nákladov spojených s prevodom peňažných prostriedkov z Veľkej Británie do desiatich rozvojových krajín.

Uložené v:
Podrobná bibliografia
Hlavný autor: Rievajová, Eva
Ďalší autori: Přívara, Andrej, 1983-
Médium: Kapitola
Jazyk:Slovak
Predmet:
Tagy: Pridať tag
Žiadne tagy, Buďte prvý, kto otaguje tento záznam!

MARC

LEADER 00000nla a2200000 4500
001 0238981
005 20240502094344.0
041 0 |a slo 
044 |a CZ 
245 1 0 |a Náklady na prevod remitencií z Veľkej Británie v kontexte ostatnej finančnej krízy  |c Eva Rievajová, Andrej Přívara 
520 |a Analýza nákladov spojených s prevodom peňažných prostriedkov z Veľkej Británie do desiatich rozvojových krajín. 
610 2 0 |a Veľká Británia 
610 2 0 |a krajiny rozvojové 
610 2 0 |a remitencie 
610 2 0 |a prevod bankový 
610 2 0 |a migrácia 
610 2 0 |a aktíva finančné 
610 2 0 |a náklady 
100 1 |a Rievajová, Eva 
700 1 |a Přívara, Andrej, 1983-